01339 a2200193 45000010006000000050017000060080041000230030015000640400040000790800073001192450036001920200022002282640034002503000024002845050660003081000031009687000020009998560126010191042420260407155437.0260407a2008 arg spa dAR-UNSa-BCEJYS aAR-UNSa-BCEJYSbspacAR-UNSa-BCEJYS a657.3xPresupuestos. Cierre de Cuentas. Balances (Estados Contables)10aMedición de estados contables a978-987-01-0833-7 1aBuenos Aires :bErreparc2008 axiv, 338 p.c27 cm. a1. Modelos contables - 2. Unidad de medida. Los cambios de precios y los estados contables - 3. Resultados fnancieros - 4. Normas contables - 5. Marco conceptual de las normas contables profesionales - 6. Patrimonio neto - 7. Los valores de incorporación al patrimonio - 8. Medición al cierre del ejercicio. Criterios generales - 9. Medición al cierre del ejercicio. Particularidades de cada rubro - 10. Contingencias. Hechos posteriores al cierre. Modifcaciones de resultados de ejercicios anteriores - 11. Impuesto diferido - 12. Valor patrimonial proporcional - 13. Consolidación de estados contables - 14. Conversión de estados contables 1 aPaulone, Héctor Mauricio1 aVeiras, Alberto41uhttps://biblioeco.unsa.edu.ar/pmb/images/libros/Medicion de estados contables2-l118701.jpgyImagen de portadaqimage/jpeg